000 00297nam a22001337a 4500
008 180921b xxu||||| |||| 00| 0 eng d
020 _a9781412987752
041 _aeng
080 _24 ED
_a370
100 _a47
101 _aEDU
245 _aReligion In Schools
_cRusso.CH
942 _2udc
_cBK
999 _c48169
_d48169